| 000 | 00817cab a2200241 4500 | ||
|---|---|---|---|
| 001 | ABS55916 | ||
| 008 | 090401t1996 xxu||||| |||| 00| 0 eng d | ||
| 035 | _a(Sirsi) u19782 | ||
| 041 | _aeng | ||
| 100 | _aMenary, S. | ||
| 245 | _aDouble-edged sword of the bonus ball prize | ||
| 260 | _c1996 | ||
| 350 | _a0 | ||
| 490 |
_aConstruction News _v(6489) 31 October 1996, 21(1) |
||
| 520 | _aConsiders how lottery funds are creating jobs in the construction industry but are also compensating for government cuts in public sector spending. Lists local authorities which have been awarded grants. | ||
| 650 | _aCONSTRUCTION INDUSTRY | ||
| 650 | _aLOTTERY FUNDING | ||
| 650 | _aPUBLIC SECTOR SPENDING | ||
| 690 | _aBUILT ENVIRONMENT | ||
| 690 | _aFINANCE AND INVESTMENT | ||
| 942 | _n0 | ||
| 948 | _c04/03/1997 | ||
| 999 |
_c13242 _d13242 |
||